£1bn needed to repair roads (Record no. 64332)

MARC details
000 -LEADER
fixed length control field 00935cam a2200229 4500
001 - CONTROL NUMBER
control field WB3631-53
008 - FIXED-LENGTH DATA ELEMENTS--GENERAL INFORMATION
fixed length control field 000000n2000 000 0 eng u
035 ## - SYSTEM CONTROL NUMBER
System control number (Sirsi) u107690
245 ## - TITLE STATEMENT
Title £1bn needed to repair roads
260 ## - PUBLICATION, DISTRIBUTION, ETC.
Date of publication, distribution, etc. 2000
490 ## - SERIES STATEMENT
Series statement Herald
Volume/sequential designation 8 August 2000, 9
490 ## - SERIES STATEMENT
Series statement Herald
Volume/sequential designation 9 August 2000, 9(2)
520 ## - SUMMARY, ETC.
Summary, etc. The Convention of Scottish Local Authorities (COSLA) warns that more than £1bn is needed to repair roads, bridges and street lighting in Scotland with rural communities and industry facing isolation due to poor infrastructure. The Society of Chief Officers of Transportation in Scotland (SCOTS) echoes COSLA's warning.
590 ## - LOCAL NOTE (RLIN)
Local note WB
650 ## - SUBJECT ADDED ENTRY--TOPICAL TERM
Topical term or geographic name entry element SCOTLAND
650 ## - SUBJECT ADDED ENTRY--TOPICAL TERM
Topical term or geographic name entry element PROPERTY-INFRASTRUCTURE-TRANSPORT INFRASTRUCTURE-ROAD INFRASTRUCTURE
650 ## - SUBJECT ADDED ENTRY--TOPICAL TERM
Topical term or geographic name entry element Infrastructure
9 (RLIN) 6246
650 ## - SUBJECT ADDED ENTRY--TOPICAL TERM
Topical term or geographic name entry element RURAL COMMUNITIES
650 ## - SUBJECT ADDED ENTRY--TOPICAL TERM
Topical term or geographic name entry element COSLA
690 ## - LOCAL SUBJECT ADDED ENTRY--TOPICAL TERM (OCLC, RLIN)
Topical term or geographic name as entry element TRANSPORT AND COMMUNICATIONS
942 ## - ADDED ENTRY ELEMENTS (KOHA)
Suppress in OPAC 0
Holdings
Withdrawn status Lost status Source of classification or shelving scheme Damaged status Not for loan Home library Current library Shelving location Date acquired Total Checkouts Full call number Barcode Date last seen Copy number Price effective from Koha item type
    Dewey Decimal Classification     London London News article 09/08/2000   WB3631-53 107690-1001 06/08/2019 1 06/08/2019 News article